000 01362nam a22003737a 4500
001 3999009
003 OSt
005 20210426122704.0
008 960725s1996 tnua 000 0 eng
010 _a 96032030
020 _a1558534210 (pbk.)
040 _aDLC
_cDLC
_dDLC
_beng
041 _aeng
043 _an-us---
050 0 0 _aHV6783
_b.B875 1996
080 _a821.111
_bB-98
082 0 0 _a364.1/092/273
_aB
_220
100 1 _aButler, Daniel R.,
_d1951-
245 1 0 _aWanted! dumb or alive :
_b100 new stories from the files of America's dumbest criminals /
_c/ by: Rutledge Hill Press
260 _aNashville, Tenn. :
_bRutledge Hill Press
_cc1996.
300 _a235 p.
_bill.
_c19 cm.
365 _b7.95 usd
650 0 _aCrime
_zUnited States
_xCase studies.
650 0 _aEnglish literature
_9247
650 0 _aCriminals
_zUnited States
_xCase studies.
650 0 _aCrime
_zUnited States
_xHumor.
653 _aინგლისური ლიტერატურა
700 1 _aRay, Alan.
700 _aHarris, Mike
_9730
_eIllustrator
856 4 2 _3Publisher description
_uhttp://www.loc.gov/catdir/enhancements/fy0609/96032030-d.html
906 _a7
_bcbc
_corignew
_d1
_eocip
_f19
_gy-gencatlg
942 _2udc
_cBK
999 _c1057
_d1057